2024 NFL Stat Leaders - Statistics

General Stats
  • This quiz has been taken 48 times
  • The average score is 50 of 123
Answer Stats
Stat # Player % Correct
Passes Completed 460 Joe Burrow
91%
Passes Attempted 652 Joe Burrow
91%
Passing Yards 4918 Joe Burrow
91%
Passing TDs 43 Joe Burrow
91%
Passing Yds/Game 289.3 Joe Burrow
91%
Pass Attempts/Game 38.4 Joe Burrow
91%
Passes Completed/Game 27.1 Joe Burrow
91%
Passer Rating 119.6 Lamar Jackson
89%
Yds/Pass Att 8.8 Lamar Jackson
89%
Adj Yds/Pass Att 10.15 Lamar Jackson
89%
Net Yds/Pass Att 8.09 Lamar Jackson
89%
Adj Net Yds/Pass Att 9.38 Lamar Jackson
89%
Passing TD % 8.6% Lamar Jackson
89%
Yds/Pass Att Idx 136 Lamar Jackson
89%
Adj Yds/Pass Att Idx 147 Lamar Jackson
89%
Net Yds/Pass Att Idx 137 Lamar Jackson
89%
Adj Net Yds/Pass Att Idx 147 Lamar Jackson
89%
Passing TD % Idx 151 Lamar Jackson
89%
Passer Rating Idx 143 Lamar Jackson
89%
Yds/Rushing Att 6.6 Lamar Jackson
89%
Total Offense 4938 Lamar Jackson
89%
Receptions 127 Ja'Marr Chase
84%
Receiving Yds 1708 Ja'Marr Chase
84%
Receiving TD 17 Ja'Marr Chase
84%
Receiving Yds/Game 100.5 Ja'Marr Chase
84%
Yds/Touch 13.4 Ja'Marr Chase
84%
Rushing Att 345 Saquon Barkley
84%
Rushing Yds 2005 Saquon Barkley
84%
Rushing Yds/Game 125.3 Saquon Barkley
84%
Yds From Scrimmage 2283 Saquon Barkley
84%
All-Purpose Yds 2283 Saquon Barkley
84%
Touches 378 Saquon Barkley
84%
QBR 77.3 Josh Allen
82%
Sack % Idx 130 Josh Allen
82%
Game-Winning Drives 7 Patrick Mahomes
82%
Comebacks 5 Patrick Mahomes
82%
Safeties 1 Zach Allen
77%
Sacks Taken 68 Caleb Williams
70%
Sack Yards Lost 466 Caleb Williams
70%
Rushing TD 16 Derrick Henry
70%
Rushing TD 16 Jahmyr Gibbs
61%
Touchdowns 20 Jahmyr Gibbs
61%
Rushing/Receiving TD 20 Jahmyr Gibbs
61%
Passes Intercepted 16 Baker Mayfield
57%
Fumbles 13 Baker Mayfield
57%
Fumbles Recovered 8 Baker Mayfield
57%
Passes Intercepted 16 Kirk Cousins
52%
Fumbles 13 Kirk Cousins
52%
Sacks 17.5 Trey Hendrickson
50%
Kick Return TD 1 Charlie Jones
48%
Long Kick Return 100 Charlie Jones
48%
Safeties 1 Dre'Mont Jones
48%
Longest Past 98 Will Levis
45%
Pick Sixes Thrown 4 Will Levis
45%
Pass Intercept. % 0.6% Justin Herbert
41%
Pass Intercept. % Idx 132 Justin Herbert
41%
Pass Completion % 72.9% Tua Tagovailoa
36%
Pass Completion % Idx 132 Tua Tagovailoa
36%
Rushing TD 16 James Cook
34%
Intercept. Ret. Yds 132 Patrick Surtain II
34%
Sack % 2.79% Derek Carr
32%
Sack % Idx 130 Derek Carr
32%
Fumbles Forced 6 T.J. Watt
32%
Points Scored 158 Chris Boswell
30%
Field Goals Made 41 Chris Boswell
30%
Yds/Pass Cmp 14.4 Anthony Richardson
27%
Safeties 1 Byron Young
27%
Field Goals Att 47 Brandon Aubrey
25%
Non-Offensive TDs 2 KaVontae Turpin
25%
Kick Return Yards 904 KaVontae Turpin
25%
Kick Return TD 1 KaVontae Turpin
25%
Yds/Kick Return 33.5 KaVontae Turpin
25%
Punt Return TD 1 KaVontae Turpin
25%
Kick & Punt Return Yds 1091 KaVontae Turpin
25%
Tackles For Loss 22 Myles Garrett
23%
Interceptions 9 Kerby Joseph
20%
Non-Offensive TDs 2 Taron Johnson
20%
Long Reception 98 Nick Westbrook-Ikhine
16%
Tackles Combined 173 Zaire Franklin
16%
Kick Return TD 1 Juanyeh Thomas
14%
Yds/Reception 22.3 Alec Pierce
11%
Long Rush 92 Dameon Pierce
11%
Extra Pt Made 64 Jake Bates
9%
Extra Pt Att 67 Jake Bates
9%
Yds/Punt Return 15.7 Marvin Mims
9%
Yds/Punt 51 Jack Fox
7%
Safeties 1 Sam Hubbard
7%
Punts Blocked 2 A.J. Cole III
5%
Non-Offensive TDs 2 Andrew Van Ginkel
5%
Intercept. Ret. TD 2 Andrew Van Ginkel
5%
Punt Return TD 1 Calvin Austin III
5%
Kick Return TD 1 DeeJay Dallas
5%
Passes Defended 19 Denzel Ward
5%
Punt Return Yds 413 Kalif Raymond
5%
Punt Return TD 1 Kalif Raymond
5%
Non-Offensive TDs 2 Nik Bonitto
5%
Safeties 1 Zach Harrison
5%
Non-Offensive TDs 2 Derek Barnett
2%
Fumble Return TD 2 Derek Barnett
2%
Kick Return TD 1 Laviska Shenault
2%
Punt Return TD 1 Rashid Shaheed
2%
Fumble Return Yds 102 Rayshawn Jenkins
2%
Non-Offensive TDs 2 Rodney McLeod
2%
Punts Blocked 2 Ryan Stonehouse
2%
Punt Returns 33 Xavier Gipson
2%
Kick & Punt Returns 50 Xavier Gipson
2%
Safeties 1 A.J. Epenesa
0%
Safeties 1 Alex Wright
0%
Punts 89 Corey Bojourquez
0%
Punting Yds 4387 Corey Bojourquez
0%
Long Punt 84 Corey Bojourquez
0%
Safeties 1 Harold Landry
0%
Kick Return TD 1 Ihmir Smith-Marsette
0%
Long Kick Return 100 Ihmir Smith-Marsette
0%
Tackles Solo 98 Jamien Sherwood
0%
Punt Return TD 1 Josh Blackwell
0%
Safeties 1 Kamari Lassiter
0%
Long Intercep. Return 103 Kamren Kitchens
0%
Kick Return TD 1 Kene Nwangwu
0%
Field Goal % 95.455% Nick Folk
0%
Punt Return TD 1 Parker Washington
0%
Long Punt Return 96 Parker Washington
0%
Kick Returns 31 Raheem Blackshear
0%
No matching quizzes found
Score Distribution
Percent of People with Each Score
Percentile by Number Answered
Your Score History
You have not taken this quiz